| 000 | 00548nam a22001577a 4500 | ||
|---|---|---|---|
| 003 | CEME | ||
| 005 | 20210628204118.0 | ||
| 008 | 210106b xxu||||| |||| 00| 0 eng d | ||
| 040 | _cceme | ||
| 082 | _a629.892 INF | ||
| 100 |
_aFilipe, Joaquim, Cetto, Juan Andrade, Ferrier, Jean Louis _968794 |
||
| 245 | _aIInformatics in control, automation and robotics, selected papers from the international conference on informatics in control, automation and robotics 2007 | ||
| 260 |
_aNEW YORK _bSPRINGER _c2009 |
||
| 300 | _aXV, 314P | ||
| 942 |
_cBK _2ddc |
||
| 999 |
_c576260 _d576260 |
||